Understanding thermoforming

Saved in:
Bibliographic Details
Main Author: Throne
Format: Book
Published: 2008
Edition:2nd ed.
Tags: Add Tag
No Tags, Be the first to tag this record!
Call Number :

MARC

LEADER 00000pam a2200000 4500
001 26908
003 MY-KLNDU
005 20241218082147.0
020 0 0 |a 9781569904282 
035 |a 0000038981 
039 9 |a 200912221215  |b staff  |c 200911181254  |d VLOAD  |y 200910091800  |z VLOAD 
100 0 0 |a Throne 
245 0 0 |a Understanding thermoforming 
250 0 0 |a 2nd ed. 
260 0 0 |a 2008 
591 |a 0000009634  |b 26/05/09  |c 0306-08  |d 1  |e RM391.45  |f 1  |g 391.45  |h Bookfinder Sdn. Bhd. 
999 |a vtls000036941  |c 26908  |d 26908